Malíř Jan Smetana : nové obrazy a práce z období Skupiny 42 : Galerie umění, Karlovy Vary, 11.7.-11.8.1965 /

Main Author: Smetana, Jan, 1918-1998
Other Authors: Kolář, Jiří, 1914-2002
Language: Czech
Published: Karlovy Vary : Galerie umění, 1965
Physical Description: 1 svazek (nestránkováno)
Book
Saved in:
LEADER 01340nam a22003732a 4500
001 000270976
003 CZ BrMZK
005 20180910071635.0
007 ta
008 010907s1965 xr e c 000 0 cze d
040 |a BOA001  |b cze  |e aacr2 
043 |a e-xr--- 
045 |a x4x4 
072 7 |a 75  |x Malířství  |2 Konspekt  |9 21 
080 |a 75(437.3)  |2 MRF 
080 |a 75.036/.038  |2 MRF 
080 |a (437.3)  |2 MRF 
080 |a (083.824)  |2 MRF 
100 1 |a Smetana, Jan,  |d 1918-1998  |7 jn19990216165  |4 art 
245 1 0 |a Malíř Jan Smetana :  |b nové obrazy a práce z období Skupiny 42 : Galerie umění, Karlovy Vary, 11.7.-11.8.1965 /  |c text Jiří Kolář 
246 3 0 |a Nové obrazy a práce z období Skupiny 42 
260 |a Karlovy Vary :  |b Galerie umění,  |c 1965 
300 |a 1 svazek (nestránkováno) 
600 1 7 |a Smetana, Jan,  |d 1918-1998  |7 jn19990216165 
648 4 |a 1942-1948 
648 7 |a 20. století  |7 ch460558 
650 0 7 |a české malířství  |7 ph116864  |y 20. století  |2 czenas 
650 0 7 |a moderní malířství  |7 ph122940  |z Česko  |2 czenas 
655 7 |a katalogy výstav  |7 fd132536  |2 czenas 
700 1 |a Kolář, Jiří,  |d 1914-2002  |7 jk01061244  |4 wfw 
910 |a BOA001  |b X-0543.283 
990 |a BK 
991 |b 201808 
996 6 |b 2619926365  |c X-0543.283  |l MZK  |r Sklad / do 24 hodin  |n 1  |w 000270976  |u 000010  |a 1  |e BOA001  |j MZK50  |s P